000 00786nam a2200241 a 4500
001 86439
003 BD-RjUL
005 20260506102813.0
008 260506s2026 bg ||||| |||| 00| 0 ben d
020 _a9789843705457
035 _a(BD-RjUL)86439
040 _aBD-RjUL
_beng
_cBD-RjUL
041 _aben
082 _223
_a891.441
_bABP 2026
100 _aআবুবকর, সায়ীদ
_918374
245 _aপ্রণয়ের প্রথম পাপ /
_cসায়ীদ আবুবকর
250 _a৩য় সং.
260 _aরাজশাহী :
_bসমীক্ষন,
_c২০২৬
300 _a৪৮ পৃ.;
_c২২ সেমি.
650 _aবাংলা কবিতা
_918372
650 _aBengali poetry
_918373
942 _2ddc
_cBK
999 _c86439
_d86439